书目信息 |
| 题名: |
早期秦文化探索
|
|
| 作者: | 梁云, 著 | |
| 分册: | ||
| 出版信息: | 上海 上海古籍出版社 2021.12 |
|
| 页数: | 388页 | |
| 开本: | 24cm | |
| 丛书名: | 秦文明新探丛书 | |
| 单 册: | ||
| 中图分类: | K233.03 | |
| 科图分类: | ||
| 主题词: | 文化史--wen hua shi--研究--中国--秦代 | |
| 电子资源: | ||
| ISBN: | 978-7-5732-0187-4 | |
| 000 | 01403nam 2200289 450 | |
| 001 | CAL 0120217339496 | |
| 005 | 20230217093112.0 | |
| 010 | @a978-7-5732-0187-4@dCNY108.00 | |
| 100 | @a20220304d2021 em y0chiy0120 ea | |
| 101 | 0 | @achi |
| 102 | @aCN@b310000 | |
| 105 | @aab a 000yy | |
| 106 | @ar | |
| 200 | 1 | @a早期秦文化探索@Azao qi qin wen hua tan suo@f梁云著 |
| 210 | @a上海@c上海古籍出版社@d2021.12 | |
| 215 | @a388页@c图, 地图@d24cm | |
| 225 | 2 | @a秦文明新探丛书@Aqin wen ming xin tan cong shu |
| 300 | @a世纪出版 谨以此书纪念秦始皇帝陵博物院建院40周年 | |
| 314 | @a梁云, 男, 1972年1月生, 新疆阿克苏人, 北京大学考古学博士。 | |
| 320 | @a有书目 | |
| 330 | @a早期秦文化是指西周至春秋早期秦人及其相关人群创造并使用的文化遗存, 具有考古学文化的性质, 包含一大堆遗迹和遗物, 有自身的外形特征, 也有一定的时空分布范围。早期秦文化的发现和相关问题的探讨, 前后经历20世纪60-70年代、20世纪80-90年代、21世纪三个阶段, 其研究局面已大为改观。本书对早期秦文化进行了详细的介绍与深入系统的研究: 回顾了早期秦文化的学术史, 提出了早期秦文化总体的分期与编年, 对早期嬴秦的居地及嬴秦西迁、早期秦文化的形成、早期秦文化的都邑、早期秦文化与周边文化的关系等问题进行了深入的探讨。 | |
| 410 | 0 | @12001 @a秦文明新探丛书 |
| 606 | 0 | @a文化史@Awen hua shi@x研究@y中国@z秦代 |
| 690 | @aK233.03@v5 | |
| 701 | 0 | @a梁云,@Aliang yun@f1972-@4著 |
| 801 | 0 | @aCN@bBJXHZP@c20230228 |
| 905 | @b1407909-10@dK233.03@e132@f2 | |
| 早期秦文化探索/梁云著.-上海:上海古籍出版社,2021.12 |
| 388页:图, 地图;24cm.-(秦文明新探丛书) |
| 世纪出版 谨以此书纪念秦始皇帝陵博物院建院40周年 |
| ISBN 978-7-5732-0187-4:CNY108.00 |
| 早期秦文化是指西周至春秋早期秦人及其相关人群创造并使用的文化遗存, 具有考古学文化的性质, 包含一大堆遗迹和遗物, 有自身的外形特征, 也有一定的时空分布范围。早期秦文化的发现和相关问题的探讨, 前后经历20世纪60-70年代、20世纪80-90年代、21世纪三个阶段, 其研究局面已大为改观。本书对早期秦文化进行了详细的介绍与深入系统的研究: 回顾了早期秦文化的学术史, 提出了早期秦文化总体的分期与编年, 对早期嬴秦的居地及嬴秦西迁、早期秦文化的形成、早期秦文化的都邑、早期秦文化与周边文化的关系等问题进行了深入的探讨。 |
| ● |
| 相关链接 |
|
|
|
|
正题名:早期秦文化探索
索取号:K233.03/132
 
预约/预借
| 序号 | 登录号 | 条形码 | 馆藏地/架位号 | 状态 | 备注 |
| 1 | 1407909 | 214079094 | 第二样本阅览室/ [索取号:K233.03/132] | 在馆 | |
| 2 | 1407910 | 214079101 | 第二借阅区/ [索取号:K233.03/132] | 在馆 |